000 00669nam a22002057a 4500
003 0
005 20240925145907.0
008 240925b xxu||||| |||| 00| 0 eng d
020 _a9780367200114
050 _aHF 5549.5
_b.Ex97 2020
245 _aExploring internal communication :
_btowards informed employee voice /
_cedited by Kevin Ruck.
250 _a4th ed.
260 _aOxon :
_bRoutledge,
_c2020.
300 _axxiii, 232 p. :
_bill. ;
_c25 cm.
504 _aIncludes bibliographical references and index.
650 _aCommunication in personnel management.
650 _aCommunication in management.
700 _aRuck, Kevin,
_eeditor.
942 _2lcc
_cBK
999 _c366398
_d366398